Droi quiz - Statistics

General Stats
  • This quiz has been taken 2 times
  • The average score is 2 of 13
Answer Stats
Hint Answer % Correct
True or false --> Droi loves Israel false
100%
Droi is this amount of years old 20
50%
Droi may be clinically diagnosed with Autism
0%
The first thing droi does in the morning Eat
0%
Droi went to this elementary school Forest Hill
0%
Droi believes the hockey team did not win because they weren;t ____ enough hungry
0%
Drois mom's name is Joelle
0%
Is droi homophobic --> True or false maybe
0%
Droi goes to this university McGill
0%
Droi is allergic to? Milk
0%
On the farm, Droi's favourite task was? raking
0%
Droi hasa deviated _____ septum
0%
Where is droi's office located The bathroom
0%
No matching quizzes found
Score Distribution
Percent of People with Each Score
Percentile by Number Answered
Your Score History
You have not taken this quiz